Statistics for Nottingham Forest Managers, Since 2010

Click here to take the quiz!

General Stats

  • This quiz has been taken 74 times
  • The average score is 9 of 15

Answer Stats

HintAnswer% Correct
2021–Steve Cooper
100%
2020–2021Chris Hughton
86%
2019–2020Sabri Lamouchi
78%
2009–2011Billy Davies
71%
2013–2014Billy Davies
71%
2014–2015Stuart Pearce
71%
2018–2019Aitor Karanka
67%
2019–2019Martin O'Neill
67%
2017–2017Mark Warburton
64%
2016–2017Philippe Montanier
55%
2015–2016Dougie Freedman
45%
2012–2012Sean O'Driscoll
34%
2012–2013Alex McLeish
31%
2011–2011Steve McClaren
31%
2011–2012Steve Cotterill
22%

Score Distribution

Percentile by Number Answered

Percent of People with Each Score

Your Score History

You have not taken this quiz